000 00642nam a2200241Ia 4500
003 OSt
005 20220918111520.0
006 a|||||r|||| 00| 0
007 cj aa aaaaa
008 220917b |||||||| |||| 00| 0 eng d
024 _a88030
037 _cDigitized Books
040 _aARTS
_cARTS
_beng
041 _2eng
_aeng
082 _a"S13, H9"
100 _aBaruch Dorothy Walter
_910633
245 0 _aNew ways in discipline
_b you and your child today
260 _c1949
300 _ap.
_ccm.
650 _aPSYCHOLOGY
942 _h"S13, H9"
_cEBOOK
_2CC
999 _c116691
_d116691